| 000 | 01054nam a2200301 a 4500 | ||
|---|---|---|---|
| 001 | 000010954 | ||
| 005 | 20200929162325.0 | ||
| 008 | 091013s2006 dr 001 0 spa d | ||
| 020 | _a1881715566 | ||
| 040 |
_aDO-SdBNP _bspa _cBNPHU |
||
| 041 | 1 | 7 |
_aspa _2eng |
| 082 |
_aPR861.44 _bP625p, 2006 |
||
| 100 | 1 |
_aPietri, Pedro, _d1944- _925218 |
|
| 245 | 1 | 0 |
_aPuerto Rican obituary = Obituario Puertorriqueña / _cPedro Pietri ; traducción Alfredo Matilla Rivas. |
| 246 | 3 | 1 | _aObituario Puertorriqueña |
| 250 | _a2a ed. | ||
| 260 |
_aSanto Domingo _aSan Juan, Puerto Rico : _bIsla Negra, _c2006. |
||
| 300 |
_a143 p. ; _c22 cm. |
||
| 490 | 1 | _aEl canon secuestrado | |
| 500 | _aIncluye datos biográficos del autor en la solapa de la cubierta. | ||
| 546 | _aTexto en inglés y español | ||
| 650 | 4 |
_aPoesía puertorriqueña _91015 |
|
| 650 | 4 |
_aLiteratura puertorriqueña _9250 |
|
| 700 | 1 | 2 |
_aMatilla Rivas, Alfredo, _d1937- _etrad. _926363 |
| 830 | 0 |
_aEl canon secuestrado _96917 |
|
| 910 | _aValidado. Control de calidad MFF | ||
| 049 | _aBNPD | ||
| 999 |
_c10692 _d10692 |
||